“亚”结尾国家 - Statistics

General Stats
  • This quiz has been taken 2 732 times
  • The average score is 15 of 34
Answer Stats
Answer % Correct
亚美尼亚
74%
塞尔维亚
65%
罗马尼亚
64%
拉脱维亚
62%
保加利亚
60%
爱沙尼亚
60%
克罗地亚
58%
印度尼西亚
57%
格鲁吉亚
57%
玻利维亚
56%
斯洛文尼亚
55%
澳大利亚
54%
哥伦比亚
53%
阿尔巴尼亚
51%
马来西亚
50%
阿尔及利亚
48%
利比亚
46%
几内亚
46%
坦桑尼亚
43%
巴布亚新几内亚
42%
埃塞俄比亚
39%
赤道几内亚
39%
尼日利亚
36%
叙利亚
36%
肯尼亚
35%
赞比亚
35%
纳米比亚
33%
利比里亚
30%
密克罗尼西亚联邦
25%
冈比亚
24%
毛里塔尼亚
22%
萨摩亚
21%
厄立特里亚
20%
圣卢西亚
14%
No matching quizzes found
Score Distribution
Percent of People with Each Score
Percentile by Number Answered
Your Score History
You have not taken this quiz